00687nam a2200253 a 4500001001300000003000900013005001700022008004100039020001000080082001500090100001800105245002600123260003600149300000900185500003500194505001000229650002500239650002800264700001800292902000800310942000700318952009300325999001500418nice12345678IN_TiNIC20260116011543.0050524s1932 lona grp 000 0 eng  ac10000a291.6bSTR aStreeter, B H aBuddha and the Christ aLondonbMacmillan and Co.c1932 a336p aincludes index and biblioraphy2 aIndex aComparative Religion aJesus Christ and Buddha1 aStreeter, B H bSRS cBK 00104070aHMIbHMId2007-07-24g100.00l0o291.6 STRp281r2007-07-24w2026-01-16yEB c2573d2573